Trendom v publikovaní je optimalizácia procesov
V čase krízy hľadá každý možnosti, ako ušetriť, resp. ako neminúť viac, ako je bezprostredne potrebné. Tieto starosti trápia aj vydavateľov novín a časopisov. Všeobecne platí, že kríza negatívne pôsobí na predaný náklad a predplatné, ako aj na objemy inzercie. V týchto časoch je nutné šetriť a minim...
Uložené v:
| Hlavný autor: | |
|---|---|
| Médium: | Kapitola |
| Jazyk: | Slovak |
| Predmet: | |
| Tagy: |
Žiadne tagy, Buďte prvý, kto otaguje tento záznam!
|
MARC
| LEADER | 00000nla$a2200000$$$4500 | ||
|---|---|---|---|
| 001 | 0126596 | ||
| 005 | 20240502072437.6 | ||
| 041 | 0 | |a slo | |
| 044 | |a SK | ||
| 245 | 1 | 0 | |a Trendom v publikovaní je optimalizácia procesov |c Andrej Miklošík |
| 520 | |a V čase krízy hľadá každý možnosti, ako ušetriť, resp. ako neminúť viac, ako je bezprostredne potrebné. Tieto starosti trápia aj vydavateľov novín a časopisov. Všeobecne platí, že kríza negatívne pôsobí na predaný náklad a predplatné, ako aj na objemy inzercie. V týchto časoch je nutné šetriť a minimalizovať náklady na všetkých frontoch. Značné množstvo prostriedkov je možné ušetriť na procesoch. Optimalizácii procesov je potrebné venovať náležitú pozornosť. | ||
| 610 | 2 | 0 | |a vydavateľstvá |
| 610 | 2 | 0 | |a časopisy |
| 610 | 2 | 0 | |a noviny |
| 610 | 2 | 0 | |a tlač |
| 610 | 2 | 0 | |a internet |
| 610 | 2 | 0 | |a náklady |
| 610 | 2 | 0 | |a optimalizácia |
| 610 | 2 | 0 | |a procesy podnikové |
| 100 | 1 | |a Miklošík, Andrej | |